00975nam a22002777a 4500003000500000005001700005008004100022010001000063011001000073035001000083040000900093082001700102100003100119245004000150260007600190300002000266590004100286590004200327650003700369650004100406901000700447942001000454949006700464999001700531952014900548CHAP20220329140203.0971013s1981 r 00010 d a48262 a49234 a53382 cCHAP a620.136bR5Y00aRichardson, John G.997278 aProductos prefabricados de concreto aMéxico, D. F. :bInstituto Mexicano del Cemento y del Concreto,c1981 a131 p.b: ilus. aBATCH-UPDb10c20130110lUCH01h1935 aCONVERSIONb10c20130109lUCH01h132614aConcretoxConstrucciones.92630414aConstrucciones prefabricadas.927377 aBK cLIBRO a620.136 R5YbBCcLIBROd33724000014098eLIBROh58281i53382si c48262d48262 00102ddc4052708GRALaBCbBCcPP_GRALd2019-12-31fLIBROl1o620.136 R5Yp33724000014098r2022-06-11 00:00:00s2022-06-11w2019-12-31yLIBRO